000 00624nam a2200241Ia 4500
003 OSt
005 20221006140840.0
006 a|||||r|||| 00| 0
007 ta
008 221006b |||||||| |||| 00| 0 jpn d
024 _a779
037 _bGift, Japan Foundation
_cTextual
040 _aEASL
_cEASL
_bjpn
041 _2jpn
_ajpn
082 _aP42:4k, N3
245 0 _aNihongo noryoku shiken
260 _aTokyo
_bKokusai Koryukikin Japan
_c1993
300 _a226p.
_ccm.
490 _v RR
650 _aJL
942 _hP42:4k, N3
_cTEXL
_2CC
999 _c1068865
_d1068865